000 00572cam a22001931 4500
001 ca 09004829
003 DLC
005 20260227111050.0
008 820706s1885 nyu 000 1 eng
010 _aca 09004829
035 _a(OCoLC)8574977
040 _aDLC
_cScU
_dScU
_dDLC
050 0 0 _aPZ3.P29
_bIn2
_aPR5154
100 1 _aPayn, James,
_d1830-1898.
245 1 0 _aIn peril and privation.
_bStories of marine disaster retold.
_cBy James Payn.
260 _aNew York,
_bG. Munro,
_c[1885]
300 _a104 p.
_c19 cm.
490 0 _aSeaside library. Pocket ed.
_vno. 577
999 _c14047
_d14047